| 000 | 00706nam a2200217 a 4500 | ||
|---|---|---|---|
| 003 | PILC | ||
| 005 | 20160219075229.0 | ||
| 008 | 110104s19uu xx 00 eng d | ||
| 020 | _a9781585427659 | ||
| 050 |
_aBJ 1475 _b.R54 2009 |
||
| 100 | _aRifkin, Jeremy. | ||
| 245 |
_aThe emphatic civilization: _bthe race to global consciousness in a world in crisis / _cJeremy Rifkin. |
||
| 260 |
_aNew York : _bPenguin Books, _c2009. |
||
| 300 |
_a673 pages : _billustrations ; _c24cm. |
||
| 500 | _aIncludes bibliographical references and indexes. | ||
| 650 | _aEmphaty. | ||
| 650 | _aConduct of life. | ||
| 650 | _aCivilization-Modern-21st century-Forecasting. | ||
| 942 |
_cBK _2lcc _kFOR |
||
| 999 |
_c24298 _d24298 |
||